Catalog

Record Details

Catalog Search



Available copies

  • 1 of 1 copy available at LARL/NWRL Consortium.
  • 1 of 1 copy available at Lake Agassiz Regional Library. (Show preferred library)

Current holds

0 current holds with 1 total copy.

Show Only Available Copies
Location Call Number / Copy Notes Barcode Shelving Location Status Due Date
Detroit Lakes Public Library MAR (Text) 33500014383442 Main Available -

Record details

  • ISBN: 9780143126690 (paperback)
  • ISBN: 0143126695 (paperback)
  • Physical Description: pages cm
  • Publisher: New York : Penguin Books, 2014.

Content descriptions

Summary, etc.:
"A taut new psychological thriller from the Edgar ... Read More
Subject: Apartment houses > Fiction.
Neighbors > Fiction.
Serial murderers > Fiction.
London (England) > Fiction.
FICTION / Suspense.
FICTION / Literary.
FICTION / Mystery & Detective / General.
Genre: Mystery fiction.
LDR 02581cam a22004818i 4500
001169096
003LARL_NWRL_CONSORTIUM
00520140811093628.0
008140611s2014 nyu 000 1 eng
010 . ‡a2014012901
019 . ‡a871336893
020 . ‡a9780143126690 (paperback)
020 . ‡a0143126695 (paperback)
035 . ‡a(OCoLC)871192070 ‡z(OCoLC)871336893
040 . ‡aDLC ‡beng ‡erda ‡cDLC ‡dYDXCP ‡dBDX ‡dBTCTA ‡dOCLCO
042 . ‡apcc
043 . ‡ae-uk-en
05000. ‡aPR6063.A2438 ‡bK55 2014
08200. ‡a823/.914 ‡223
084 . ‡aFIC030000 ‡aFIC019000 ‡aFIC022000 ‡2bisacsh
1001 . ‡aMarwood, Alex. ‡0(LARL_NWRL_CONSORTIUM)222072
24514. ‡aThe killer next door / ‡cAlex Marwood.
260 . ‡aNew York : ‡bPenguin Books, ‡c2014.
300 . ‡apages cm
336 . ‡atext ‡2rdacontent
337 . ‡aunmediated ‡2rdamedia
338 . ‡avolume ‡2rdacarrier
520 . ‡a"A taut new psychological thriller from the Edgar Award-nominated author of The Wicked Girls Alex Marwood's debut novel, The Wicked Girls, earned her lavish praise from the likes of Stephen King, Laura Lippman, and Erin Kelly, and was shortlisted for an Edgar Award. Now Marwood's back with a brilliant, tightly paced thriller that will keep you up at night and make you ask yourself: just how well do you know your neighbors? Everyone who lives at 23 Beulah Grove has a secret. If they didn't, they wouldn't be renting rooms in a dodgy old building for cash-no credit check, no lease. It's the kind of place you end up when you you've run out of other options. The six residents mostly keep to themselves, but one unbearably hot summer night, a terrible accident pushes them into an uneasy alliance. What they don't know is that one of them is a killer. He's already chosen his next victim, and he'll do anything to protect his secret"-- ‡cProvided by publisher.
650 1. ‡aApartment houses ‡vFiction. ‡0(LARL_NWRL_CONSORTIUM)163329
650 0. ‡aNeighbors ‡vFiction. ‡0(LARL_NWRL_CONSORTIUM)173679
650 0. ‡aSerial murderers ‡vFiction. ‡0(LARL_NWRL_CONSORTIUM)167313
651 0. ‡aLondon (England) ‡vFiction. ‡0(LARL_NWRL_CONSORTIUM)165879
650 7. ‡aFICTION / Suspense. ‡2bisacsh
650 7. ‡aFICTION / Literary. ‡2bisacsh
650 7. ‡aFICTION / Mystery & Detective / General. ‡2bisacsh
655 7. ‡aMystery fiction. ‡2gsafd
948 . ‡hNO HOLDINGS IN LAL - 13 OTHER HOLDINGS
994 . ‡aZ0 ‡bLAL
901 . ‡a169096 ‡bOCLC ‡c169096 ‡tbiblio

Additional Resources